书目信息 |
| 题名: |
面向21世纪开创基础教育的新局面
|
|
| 作者: | ;国家教育委员会基础教育司 编 | |
| 分册: | ||
| 出版信息: | 北京 北京师范大学出版社 1997 |
|
| 页数: | 499页 | |
| 开本: | 20cm | |
| 丛书名: | ||
| 单 册: | ||
| 中图分类: | G630-53 | |
| 科图分类: | ||
| 主题词: | 全面发展(教育)--中学--文集 , 全面发展(教育)--小学--文集 | |
| 电子资源: | ||
| ISBN: | 7-303-04540-6 | |
| 000 | 00897nam0 2200229 45 | |
| 001 | 0198010386 | |
| 005 | 20070726102658.14 | |
| 010 | @a7-303-04540-6@dCNY15.00 | |
| 100 | @a19980220d1997 emky0chiy0121 ea | |
| 101 | 0 | @achi |
| 102 | @aCN@b110000 | |
| 105 | @af z 100yy | |
| 200 | 10 | @a面向21世纪开创基础教育的新局面@Amian xiang 21 shi ji kai chuang ji chu jiao yu de xin ju mian@e全国中小学素质教育经验交流会文集@f国家教育委员会基础教育司编 |
| 210 | @a北京@c北京师范大学出版社@d1997 | |
| 215 | @a499页@c彩照@d20cm | |
| 517 | 1 | @a全国中小学素质教育经验交流会文集@Aquan guo zhong xiao xue su zhi jiao yu jing yan jiao liu hui wen ji |
| 606 | @a全面发展(教育)@x中学@x文集 | |
| 606 | @a全面发展(教育)@x小学@x文集 | |
| 690 | @aG630-53@v3 | |
| 711 | 02 | @a国家教育委员会基础教育司@Aguo jia jiao yu wei yuan hui ji chu jiao yu si@4编 |
| 801 | 0 | @aCN@bTSSF@c20070726 |
| 905 | @a10447@dG630-53@e245 | |
| 面向21世纪开创基础教育的新局面:全国中小学素质教育经验交流会文集/国家教育委员会基础教育司编.-北京:北京师范大学出版社,1997 |
| 499页:彩照;20cm |
| ISBN 7-303-04540-6:CNY15.00 |
| ● |
| 相关链接 |
|
|
|
|
正题名:面向21世纪开创基础教育的新局面
索取号:G630-53/245
 
预约/预借
| 序号 | 登录号 | 条形码 | 馆藏地/架位号 | 状态 | 备注 |
| 1 | 0768952 | 207689526 | 第一样本阅览室/ [索取号:G630-53/245] | 在馆 |